| 000 | 00871cam a2200253 i 4500 | ||
|---|---|---|---|
| 999 |
_c12311 _d12311 |
||
| 003 | OSt | ||
| 005 | 20240117101136.0 | ||
| 008 | 211218s2021 sz a 000 0 ger | ||
| 020 |
_a9783038630579 _qcloth |
||
| 041 | 1 |
_ager _aeng |
|
| 042 | _apcc | ||
| 043 | _ae-sz--- | ||
| 082 | _a720.92 | ||
| 245 | 0 | 0 |
_aRoger Boltshauser : _b1996-2021 / _cMartin Tschanz (Hrsg.). |
| 300 |
_a535 pages : _billustrations (chiefly color) ; _c31 cm. |
||
| 546 | _aParallel texts in German and English. | ||
| 600 | 1 | 0 |
_aBoltshauser, Roger, _d1964- |
| 650 | 0 |
_aArchitecture _zSwitzerland _xHistory _y20th century |
|
| 650 | 0 |
_aArchitecture _zSwitzerland _xHistory _y21st century |
|
| 700 | 1 |
_aTschanz, Martin, _eeditor |
|
| 906 |
_a7 _bcbc _corigres _d3 _encip _f20 _gy-gencatlg |
||
| 942 | _2ddc | ||